000 00452nam a2200157 a 4500
001 000030611
005 20240305090859.0
008 110525s1927 dr c 000 p spa d
040 _aDO-SdBNP
_bspa
_cBNPHU
082 _axxxx
_bV496a
100 1 _aVerges, Pedro,
_d1945-
_912149
245 1 0 _aAdelina /
_cPedro L. Vergés Vidal.
260 _aSanto Domingo :
_bImprenta la Cuna de América,
_c1927.
300 _a48 p. :
_bretr. ;
_c20 cm.
049 _aBNPD
999 _c30103
_d30103